000 01229nabaa22002417a 4500
999 _c6157
_d6157
003 OSt
005 20260123200513.0
008 190701b xxu||||| |||| 00| 0 spa d
040 _cPJ
100 _96886
_aMario A. Fernández Moreno.
245 1 0 _aCertiorari criollo :
_bentre la discrecionalidad y la certeza jurídica /
_cMario A. Fernández Moreno.
300 _ap. 146-160
500 _aCita: TR LALEY AR/DOC/3189/2023
505 _aSumario: I. Introducción.— II. Antecedentes.— III. Recurso extraordinario federal y certiorari.— IV. Observaciones salientes al régimen del certiorari.— V. Las razones que habilitan el certiorari.— VI. La interpretación como clave.— VII. Conclusión: es necesaria la uniformidad de criterios.
505 _t¿Te interesa el texto completo? Comunicate al correo: koha@justierradelfuego.gov.ar
650 0 _9211
_aDERECHO ADMINISTRATIVO
650 0 _9877
_aADMINISTRACION PUBLICA
650 0 _94669
_aFACULTADES DISCRECIONALES
650 0 _92044
_aRECURSO EXTRAORDINARIO
650 0 _9699
_aFALLOS DE LA CORTE SUPREMA
773 0 _02842
_93251
_dBuenos Aires : AbeledoPerrot, 2012-
_oDA121
_tDerecho administrativo. Nº 151 enero/febrero 2024
_z18510590
942 _2udc
_cANA